000 00807nam a22002655i 4500
001 12304
003 ES-MaACL
005 20230906150302.0
008 950919s1988 sp ||||0| spa
020 _a84-7140-263-7
080 _a629.5(460)"15"
080 _a355.49(460)"15"
100 1 _aCasado Soto, José Luis.
_936028
245 1 4 _aLos barcos españoles del siglo XVI y la Gran Armada de 1588 /
_cJosé Luis Casado Soto.
250 _a1ª ed.
260 _aMadrid :
_bNaval,
_c1988.
300 _a406 p. :
_bil. ;
_c24 cm.
490 1 _aGran Armada ;
_v4
504 _aBibliografía: p. 393-401.
650 1 4 _aBarcos-
_zEspaña-
_vHistoria.
_9169019
650 0 0 _aArmada Invencible, 1588.
_99965
830 1 _aGran Armada ;
_v4
_9178472
852 _aES-MaACL
_jL-17566
999 _c12304
_d12304